000 00271nam a22001097a 4500
008 170105b xxu||||| |||| 00| 0 eng d
020 _a9781582553221
041 _aeng
080 _225TH
_a618.2
245 _aNURSING 2005 DRUG HANDBOOK
_cWILLIAMS & WILKINS
942 _2udc
_cBK
999 _c2575
_d2575